| 000 | 01782cam a22002294a 4500 | ||
|---|---|---|---|
| 005 | 20250605164212.0 | ||
| 008 | 250528s ||||||||||||||||||||||||d | ||
| 035 | _a20303 | ||
| 020 | _a131297600 | ||
| 040 |
_aGR-AtMCL _bgre _dGR-AtMCL _eAACR2 |
||
| 245 | 1 | _aPersonality, Individual Difference and Intelligence | |
| 250 | _a1st | ||
| 260 |
_bPearson Education Limited, _c2007 |
||
| 300 | _a664 | ||
| 520 | _aHighly engaging and lively in presentation, this thought-provoking text introduces students to the major theories, methods, research findings and debates in Personality, Individual Differences and Intelligence. Personality, Personality Theory in Context, The Basis of the Psychoanalytic Approach to Personality, Developments of Freudian Theorizing, Learning Theory Perspectives on Personality, Cognitive Personality Theories, Humanistic Personality Theories, The Trail Approach to Personality, Biological Basis of Personality I: Genetic Heritability of Personality and Biological and Physiological Models of Personality, Biological Basis of Personality II: Evolutionary Psychology and Animal Studies of Personality, Intelligence, An Introduction to Intelligence, Theories and Measurement of Intelligence, Intelligence tests: What Do Scores on Intelligence Test Reflect, Heritability and Socially Defined Race Differences in Intelligence, Sex Differences in Intelligence: Spatial Intelligence and Emotional Intelligence, The Application of Personality and Intelligence in Education and the Workplace, Applied Individual Differences, An Introduction to Applied Individual Differences, Optimism, Irrational Beliefs. | ||
| 700 | 1 |
_aDay Liz _96311 |
|
| 700 | 1 |
_aMacaskill Ann _96312 |
|
| 700 | 1 |
_aMaltby John _96313 |
|
| 942 | _cBK | ||
| 999 |
_c5426 _d5426 |
||